LEADER 00906nam a2200229 i 4500 001 000000165427 003 CaOOAMICUS 005 20071017000000.0 008 071017s1974 it u000 u ita u 013 $a142795 040 $aSeMil$bita 100 1 $aPetroni, Guglielmo <1911-1993>.$0(OLS)http://semarc/name/55697 245 13$aLa morte del fiume :$bromanzo /$cGuglielmo Petroni. 260 $a[Milano] :$bArnoldo Mondadori Editore,$c1974. 300 $a166 p. ;$c21 cm. 490 0 $aScrittori italiani e stranieri 830 0$aScrittori italiani e stranieri.$0(OLS)http://semarc/title/2727 850 $aSeMil 852 $aSeMil$W1$xVenegono$y1$m1C III 164$j248633$B116621$CSeMilBibl$Z2$F127534 $81 961 $aRecupero: Altro 996 $6245$aLa morte del fiume :$bromanzo$9(OLS)http://semarc/title/236179 996 $6260$a[Milano] :$bArnoldo Mondadori Editore$9(OLS)http://semarc/publisher/29634 LEADER 01209nam a2200277 i 4500 001 000000081728 003 CaOOAMICUS 005 20060707000000.0 008 060707s2003 it u000 u ita u 013 $a53968 020 $a88-394-0667-0 040 $aSeMil$bita 100 1 $aLapide, Pinchas,$d<1922-1997>.$0(OLS)http://semarc/name/27103 240 14$aDie Bergpredigt : Utopie oder Programm?.$0(OLS)http://semarc/title/129127 245 13$aIl discorso della montagna :$butopia o programma? /$cPinchas Lapide. 260 $aBrescia :$bPaideia,$c2003. 300 $a171 p. ;$c21 cm. 490 0 $aStudi biblici ;$v138 650 4$aBibbia. Nuovo Testamento. Vangelo secondo Matteo - Discorso della montagna.$0(OLS)http://semarc/subject/373 830 0$aStudi biblici ;$v138.$0(OLS)http://semarc/title/33 850 $aSeMil 852 $aSeMil$W1$xVenegono$y1$m2WA A 138$j245155$B46925$CSeMilBibl$Z2$F49327 $81 961 $aSottoscrizione: Paideia 996 $6020$a88-394-0667-0$9(OLS)http://semarc/number/62710 996 $6245$aIl discorso della montagna :$butopia o programma?$9(OLS)http://semarc/title/129126 996 $6260$aBrescia :$bPaideia$9(OLS)http://semarc/publisher/29614